Sulphated oils and allied products : their chemistry and analysis /

Bibliographic Details
Main Author: Burton, Donald
Other Authors: Robertshaw, George F. (George Frederick)
Format: Book
Language:English
Published: New York, N. Y. : Chemical publishing co. inc., 1940.
Subjects:

MARC

Tag First Indicator Second Indicator Subfields
LEADER 00000cam a2200000 4500
001 in00000044393
005 20151007072927.0
008 770721s1940 nyua b 00010 eng
010 |a  40026821  
035 |a (OCoLC)03132784 
035 |9 AAE8815AM 
040 |a DLC  |c OCP  |d TXA  |d UtOrBLW 
049 |a TXAM  |c [102398] 
050 0 0 |a QD305.F2  |b B87 
082 0 |a 547.2 
092 |a 547.2  |b B974s 
100 1 |a Burton, Donald. 
245 1 0 |a Sulphated oils and allied products :  |b their chemistry and analysis /  |c by Donald Burton and George F. Robertshaw. Foreword by Prof. T. P. Hilditch. 
264 1 |a New York, N. Y. :  |b Chemical publishing co. inc.,  |c 1940. 
300 |a 3 pages ., 163, iv pages :  |b diagrams ;  |c 23 cm. 
336 |a text  |b txt  |2 rdacontent 
337 |a unmediated  |b n  |2 rdamedia 
338 |a volume  |b nc  |2 rdacarrier 
504 |a Includes "References". 
650 0 |a Oils and fats. 
650 0 |a Fatty acids. 
650 0 |a Alcohols. 
650 0 |a Sulfuration. 
700 1 |a Robertshaw, George F.  |q (George Frederick) 
999 |a MARS 
999 f f |s 33bab2f2-bab2-362c-b1e0-754f36957a95  |i 9d05d9e4-0c2a-3486-a8a9-03b093ff2530  |t 0 
952 f f |p ric  |a Texas A&M University  |b Rellis Campus  |c Joint Library Facility  |d Remote Storage  |t 0  |e QD305.F2 B87  |h Library of Congress classification  |i unmediated -- volume  |m A14800944269 
998 f f |a QD305.F2 B87  |t 0  |l Remote Storage